Loading...
| Mythology | 2 | 2 | 0 | 0 | 50 | 42 | 99.25 | 1 | 3 | 17.15 | 36.67 |
| Social Science | 0 | 5 | 0 | 1 | 50 | 102 | 117.00 | 0 | 3 | 6.18 | 17.33 |
| Fine Arts - Other | 0 | 5 | 1 | 1 | 45 | 97 | 120.80 | 1 | 4 | 6.61 | 18.67 |
| Religion | 0 | 3 | 0 | 1 | 30 | 118 | 136.33 | 0 | 0 | 2.41 | 13.33 |
| Literature - Long Fiction | 1 | 2 | 1 | 0 | 30 | 85 | 99.33 | 1 | 2 | 9.32 | 16.67 |
| History - Other | 0 | 3 | 1 | 2 | 25 | 68 | 112.00 | 0 | 0 | 10.39 | 11.67 |
| Literature - Poetry | 0 | 2 | 0 | 1 | 20 | 105 | 131.00 | 1 | 1 | 3.60 | 7.33 |
| Literature - Short Fiction | 1 | 0 | 0 | 0 | 15 | 46 | 46.00 | 1 | 1 | 35.06 | 50.00 |
| Other Academic | 0 | 2 | 1 | 1 | 15 | 126 | 139.50 | 0 | 1 | 1.44 | 10.00 |
| Philosophy | 0 | 2 | 1 | 1 | 15 | 119 | 128.00 | 0 | 0 | 0.64 | 5.33 |
| History - World | 0 | 1 | 0 | 1 | 10 | 150 | 150.00 | 0 | 0 | 0.09 | 2.22 |
| History - European | 0 | 1 | 0 | 0 | 10 | 130 | 130.00 | 0 | 1 | 1.28 | 8.00 |
| Short Fiction and Other | 0 | 1 | 0 | 0 | 10 | 96 | 96.00 | 0 | 1 | 4.76 | 8.57 |
| Fine Arts - Painting and Sculpture | 0 | 2 | 2 | 0 | 10 | 108 | 129.50 | 0 | 1 | 2.90 | 9.00 |
| Literature - Drama | 0 | 1 | 0 | 0 | 10 | 108 | 108.00 | 0 | 1 | 4.06 | 10.42 |
| Fine Arts - Classical Music | 0 | 1 | 0 | 0 | 10 | 125 | 125.00 | 0 | 0 | 0.94 | 3.33 |
| Science - Biology | 0 | 2 | 2 | 1 | 10 | 132 | 134.00 | 0 | 0 | 0.76 | 5.00 |
| Science - Other | 0 | 1 | 0 | 0 | 10 | 137 | 137.00 | 0 | 0 | 0.83 | 5.56 |
| Science - Physics | 0 | 1 | 0 | 1 | 10 | 133 | 133.00 | 0 | 0 | 0.15 | 2.00 |
| History - American | 0 | 0 | 0 | 0 | 0 | 0.00 | 0 | 0 | 0.00 | 0.00 | |
| Science - Math | 0 | 0 | 1 | 0 | -5 | 0.00 | 0 | 0 | 0.00 | 0.00 |